Statistics for Words that end in Ce

Click here to take the quiz!

General Stats

  • This quiz has been taken 27 times
  • The average score is 9 of 10

Answer Stats

HintAnswer% Correct
The Speed that something is moving is its _____Pace
100%
Elegance. She moved with elegance and ____. Its also a somewhat common girls name.Grace
96%
Frozen water is ____Ice
96%
A Competition in which speed is necessary as you are trying to see who/what can be the fastest n a certain thing such as the fastest horse,car,person is a _____Race
96%
To cut something you ____ it. This terminology is mostly used for food but it can be used for other stuff.Slice
96%
_____ is unoccupied area. "____ the final frontier"Space
96%
You use your ____ to speak and this is also the name of a popular singing based TV ShowVoice
96%
Someone that is Kind or Friendly could also be described as _____Nice
92%
To _____ something or someone you give it up for the greater good most of the time. A lot of ancient cultures _______ humans and animals most of the time for religious purposesSacrifice
92%
A Beverage that has many variants with one of them being Orange _____Juice
88%

Score Distribution

Percentile by Number Answered

Percent of People with Each Score

Your Score History

You have not taken this quiz